Saptuam Pawl Tuamtuamte' Thu-up Sinsak Tomlak / (Record no. 5301)

MARC details
000 -LEADER
fixed length control field 00511nam a22001817a 4500
003 - CONTROL NUMBER IDENTIFIER
control field GBCCL
005 - DATE AND TIME OF LATEST TRANSACTION
control field 20241126110538.0
008 - FIXED-LENGTH DATA ELEMENTS--GENERAL INFORMATION
fixed length control field 180313b ||||| |||| 00| 0 eng d
040 ## - CATALOGING SOURCE
Transcribing agency GBC
082 ## - DEWEY DECIMAL CLASSIFICATION NUMBER
Classification number VER 230.28
Item number GUI
100 ## - MAIN ENTRY--PERSONAL NAME
Personal name Guite, Paukhanmang
9 (RLIN) 9561
245 ## - TITLE STATEMENT
Title Saptuam Pawl Tuamtuamte' Thu-up Sinsak Tomlak /
Statement of responsibility, etc. Paukhanmang Guite
250 ## - EDITION STATEMENT
Edition statement Revised & Enlarged ed.
260 ## - PUBLICATION, DISTRIBUTION, ETC.
Place of publication, distribution, etc. New Lamka:
Name of publisher, distributor, etc. Convention Press,
Date of publication, distribution, etc. 2013
300 ## - PHYSICAL DESCRIPTION
Extent 128 p.;
Dimensions 21 cm.
650 ## - SUBJECT ADDED ENTRY--TOPICAL TERM
Topical term or geographic name entry element Doctrines
9 (RLIN) 9562
942 ## - ADDED ENTRY ELEMENTS (KOHA)
Source of classification or shelving scheme Dewey Decimal Classification
Koha item type Books
Koha issues (borrowed), all copies 4
Holdings
Withdrawn status Lost status Source of classification or shelving scheme Damaged status Not for loan Collection Home library Current Library Shelving location Date acquired Total checkouts Full call number Barcode Date last seen Date last checked out Copy number Price effective from Koha item type
    Dewey Decimal Classification       GRACE BIBLE COLLEGE GRACE BIBLE COLLEGE Vernacular 2018-03-13 5 VER 230.28 GUI 012596 2025-05-01 2024-12-06 c.1 2018-03-13 Books
© Grace Bible College Library 2025